Mitchell/giurgola architects : (Record no. 352565)
[ view plain ]
| 000 -LEADER | |
|---|---|
| fixed length control field | 01218 a2200301 4500 |
| 003 - CONTROL NUMBER IDENTIFIER | |
| control field | OSt |
| 005 - DATE AND TIME OF LATEST TRANSACTION | |
| control field | 20240730143547.0 |
| 008 - FIXED-LENGTH DATA ELEMENTS--GENERAL INFORMATION | |
| fixed length control field | 120525t xxu||||| |||| 00| 0 eng d |
| 020 ## - INTERNATIONAL STANDARD BOOK NUMBER | |
| International Standard Book Number | 1875498508 (hardcover) |
| 020 ## - INTERNATIONAL STANDARD BOOK NUMBER | |
| International Standard Book Number | 9781875498505 (hardcover) |
| 040 ## - CATALOGING SOURCE | |
| Transcribing agency | 0 |
| 082 04 - DEWEY DECIMAL CLASSIFICATION NUMBER | |
| Classification number | 720.973 |
| 245 10 - TITLE STATEMENT | |
| Title | Mitchell/giurgola architects : |
| Remainder of title | selected and current works 1982-1996 / |
| Statement of responsibility, etc. | Stephen Dobney, Mildred F. Schmertz. |
| 250 ## - EDITION STATEMENT | |
| Edition statement | 1st ed ed. |
| 260 ## - PUBLICATION, DISTRIBUTION, ETC. | |
| Place of publication, distribution, etc. | Victoria: |
| Name of publisher, distributor, etc. | Images Publishing, |
| Date of publication, distribution, etc. | 1996. |
| 300 ## - PHYSICAL DESCRIPTION | |
| Extent | 256 p. : |
| Other physical details | ill.; |
| Dimensions | 31 cm. |
| 490 1# - SERIES STATEMENT | |
| Series statement | The master architect series ii. |
| 520 ## - SUMMARY, ETC. | |
| Summary, etc. | From 1995 to the present significant projects for public institutional academic and corporate clients have been featured. |
| 650 ## - SUBJECT ADDED ENTRY--TOPICAL TERM | |
| Topical term or geographic name entry element | Architecture, American |
| 9 (RLIN) | 32858 |
| 650 ## - SUBJECT ADDED ENTRY--TOPICAL TERM | |
| Topical term or geographic name entry element | Architecture |
| Geographic subdivision | United States |
| 9 (RLIN) | 32643 |
| 650 ## - SUBJECT ADDED ENTRY--TOPICAL TERM | |
| Topical term or geographic name entry element | Neoclassicism (Architecture) |
| Geographic subdivision | United States |
| 9 (RLIN) | 32981 |
| 700 1# - ADDED ENTRY--PERSONAL NAME | |
| Personal name | Dobney, Stephen. |
| 9 (RLIN) | 32836 |
| 700 1# - ADDED ENTRY--PERSONAL NAME | |
| Personal name | Schmertz, Mildred F. |
| 9 (RLIN) | 32982 |
| 830 #4 - SERIES ADDED ENTRY--UNIFORM TITLE | |
| Uniform title | The master architect series ii. |
| 9 (RLIN) | 2199 |
| 856 40 - ELECTRONIC LOCATION AND ACCESS | |
| Materials specified | Amazon.com |
| Uniform Resource Identifier | <a href="http://www.amazon.com/exec/obidos/ASIN/1875498508/chopaconline-20">http://www.amazon.com/exec/obidos/ASIN/1875498508/chopaconline-20</a> |
| 942 ## - ADDED ENTRY ELEMENTS (KOHA) | |
| Institution code [OBSOLETE] | SADA |
| Koha item type | Reference |
| Call number prefix | 720.973 MIT 1996 |
| Source of classification or shelving scheme | |
| Withdrawn status | Lost status | Source of classification or shelving scheme | Damaged status | Not for loan | Permanent Location | Current Location | Date acquired | Full call number | Barcode | Date last seen | Cost, replacement price | Price effective from | Koha item type |
|---|---|---|---|---|---|---|---|---|---|---|---|---|---|
| School of Art Design and Architecture (SADA) | School of Art Design and Architecture (SADA) | 02/17/2011 | REF 720.973 MIT 1996 | SADA0000649 | 08/05/2011 | 4291.00 | 08/05/2011 | Book |
